Catalog

Record Details

Catalog Search



Available copies

  • 1 of 1 copy available at LARL/NWRL Consortium.

Current holds

0 current holds with 1 total copy.

Show Only Available Copies
Location Call Number / Copy Notes Barcode Shelving Location Status Due Date
Roseau Public Library KIR (Text) 35500003453469 Main Available -

Record details

  • ISBN: 1578562333
  • ISBN: 0739417355 (hc ed.)
  • Physical Description: 388 p. ; 21 cm.
  • Edition: 1st ed.
  • Publisher: Colorado Springs, Colo. : Waterbrook Press, 2001.
Subject: Women pioneers > Fiction.
Blind women > Fiction.
California > Fiction.
Widows > Fiction.
Genre: Historical fiction.
Christian fiction.
LDR 01039cam a22003258a 4500
00133464
003LARL_NWRL_CONSORTIUM
00520000828104715.0
008000818s2001 cou 000 1 eng
020 . ‡a1578562333
020 . ‡a0739417355 (hc ed.)
035 . ‡a(OCoLC)44905031
03500. ‡ilcmarc/AYZ-6724/KRLTECH
08200. ‡a813/.54 ‡221
099 . ‡aKir
1001 . ‡aKirkpatrick, Jane, ‡d1946- ‡0(LARL_NWRL_CONSORTIUM)102901
24510. ‡aNo eye can see ‡n#2/ ‡cJane Kirkpatrick.
250 . ‡a1st ed.
260 . ‡aColorado Springs, Colo. : ‡bWaterbrook Press, ‡c2001.
300 . ‡a388 p. ; ‡c21 cm.
4900 . ‡aKinship and courage ; ‡v2
650 0. ‡aWomen pioneers ‡vFiction. ‡0(LARL_NWRL_CONSORTIUM)167870
650 0. ‡aBlind women ‡vFiction. ‡0(LARL_NWRL_CONSORTIUM)171023
651 0. ‡aCalifornia ‡vFiction. ‡0(LARL_NWRL_CONSORTIUM)164052
650 0. ‡aWidows ‡vFiction. ‡0(LARL_NWRL_CONSORTIUM)167902
655 7. ‡aHistorical fiction. ‡2gsafd
655 0. ‡aChristian fiction.
901 . ‡a33464 ‡bOCLC ‡c33464 ‡tbiblio

Additional Resources